Estatuto del Consumidor Comentarios - Concordancias - Doctrina - Jurisprudencia /

Detalles Bibliográficos
Autor principal: Chavarro Cadena, Jorge Enrique
Formato: eBook
Lenguaje:español
Publicado: Bogot ̀: Editorial Nueva Legislacin̤, 2012
Materias:
Acceso en línea:Acceso restringido

MARC

LEADER 00000nam a22000007a 4500
005 20120926184813.0
007 cr|||| ||||
008 120926s2012 co |||||s|||| 00||0 spa d
020 |a 978-958-8371-92-4 
035 |a 6723 
040 |a vLex 
090 |c 3480  |d 3480 
100 1 |a Chavarro Cadena, Jorge Enrique 
245 1 0 |a Estatuto del Consumidor  |h [Recurso electrn̤ico] :  |b Comentarios - Concordancias - Doctrina - Jurisprudencia /  |c Jorge Enrique Chavarro Cadena  
256 |a Servicio en ln̕ea 
260 |a Bogot ̀:  |b Editorial Nueva Legislacin̤,  |c 2012 
300 |a 1 recurso electrn̤ico 
506 1 |a Contenido solo disponible en los productos indicados  |d vLex Global   |d vLex Global (Academic Edition, excluding Law Schools)   |d vLex Global (U.S. Academic Edition, Law Schools)   |d vLex Global (U.S. Academic Edition, excluding Law Schools)   |d vLex Global (Academic Edition, Law Schools)  
650 0 4 |a Consumidores  |x Derecho y legislacin̤  |z Chile 
740 0 |a vLex Libros (Servicio en ln̕ea) 
856 4 0 |u http://vlex.com/source/estatuto-consumidor-6723  |z Acceso restringido 
942 |c BOOK 
999 0 |a Consumers--Law and legislation